000 00578nam a22001937a 4500
005 20251108163352.0
008 250721s1994 xx 000 0 ara d
082 1 4 _a343.63/حام
100 1 _aالشريف، حامد
245 1 0 _aالدفوع في الشيك أمام القضاء الجنائي /
264 1 _aالإسكندريه :
_bدار الفكر الجامعي،
_c1994.
300 _a271ص
650 1 7 _aالجريمة
650 1 7 _aالمجرمون
650 1 7 _aالتزوير
650 1 7 _aالقانون الجنائي
942 _2ddc
_cBK
999 _c912
_d912